Nonlinear prices and welfare (Registro nro. 25763)

Detalles MARC
000 -LEADER
fixed length control field 00319 a2200109 4500
001 - CONTROL NUMBER
control field ART_11712
005 - DATE AND TIME OF LATEST TRANSACTION
control field 20260410161859.0
008 - FIXED-LENGTH DATA ELEMENTS--GENERAL INFORMATION
fixed length control field 260409a
100 1# - MAIN ENTRY--PERSONAL NAME
Personal name Spence, Michael
245 10 - TITLE STATEMENT
Title Nonlinear prices and welfare
773 0# - HOST ITEM ENTRY
Title Journal of public economics
Related parts - Vol. 8, Nº 1 (ago. 1977)
Record control number REV11485

No hay ítems disponibles.